MARC details
| 000 -CABECERA |
| campo de control de longitud fija |
01147cam a2200277 a 4500 |
| 001 - NÚMERO DE CONTROL |
| campo de control |
000012437 |
| 005 - FECHA Y HORA DE LA ÚLTIMA TRANSACCIÓN |
| campo de control |
20220321135113.0 |
| 008 - DATOS DE LONGITUD FIJA--INFORMACIÓN GENERAL |
| campo de control de longitud fija |
010212s1998 ag ad b 100 0 spa |
| 010 ## - NÚMERO DE CONTROL DE LA BIBLIOTECA DEL CONGRESO |
| Número de control de LC |
2001331379 |
| 020 ## - NÚMERO INTERNACIONAL ESTÁNDAR DEL LIBRO |
| Número Internacional Estándar del Libro |
9501630889 |
| 035 ## - NÚMERO DE CONTROL DEL SISTEMA |
| Número de control de sistema |
(AgBaFGC)gc 960914360001 |
| 040 ## - FUENTE DE LA CATALOGACIÓN |
| Centro catalogador/agencia de origen |
DO-SdBNP |
| Centro/agencia transcriptor |
DLC |
| Centro/agencia modificador |
DLC |
| 042 ## - CÓDIGO DE AUTENTICACIÓN |
| Código de autenticación |
pcc |
| 082 ## - NÚMERO DE LA CLASIFICACIÓN DECIMAL DEWEY |
| Número de clasificación |
370 |
| Número de documento/Ítem |
C749e |
| 049 ## - FONDOS LOCALES (OCLC) |
| Fondos de biblioteca |
BNGR |
| 111 2# - ENTRADA PRINCIPAL--NOMBRE DE CONGRESO/REUNIÓN |
| Nombre de congreso/reunión o jurisdicción como elemento de entrada |
Congreso Iberoamericano de Educación |
| Número del congreso/reunión o número de parte o sección |
(1a : |
| Fecha del congreso/reunión |
1997 : |
| Sede del congreso/Lugar de la reunión |
Buenos Aires, Argentina) |
| 9 (RLIN) |
29133 |
| 245 14 - MENCIÓN DE TÍTULO |
| Título |
Las transformaciones educativas : |
| Resto del título |
tres desafíos : democracia, desarrollo e integración / |
| Mención de responsabilidad, etc. |
J. Torreblanca ... [et al.] ; compilador, Daniel Filmus. |
| 260 ## - PUBLICACIÓN, DISTRIBUCIÓN, ETC. |
| Lugar de publicación, distribución, etc. |
Buenos Aires : |
| Nombre del editor, distribuidor, etc. |
Troquel : |
| -- |
Organización de Estados Iberoamericanos, |
| Fecha de publicación, distribución, etc. |
1998. |
| 300 ## - DESCRIPCIÓN FÍSICA |
| Extensión |
472 p. : |
| Otras características físicas |
il., diagr. ; |
| Dimensiones |
21 cm. |
| 504 ## - NOTA DE BIBLIOGRAFÍA, ETC. |
| Nota de bibliografía, etc. |
Incluye referencias bibliográficas. |
| 650 #4 - PUNTO DE ACCESO ADICIONAL DE MATERIA--TÉRMINO DE MATERIA |
| Término de materia o nombre geográfico como elemento de entrada |
Educación |
| Subdivisión general |
Aspectos económicos |
| Subdivisión geográfica |
América Latina |
| Subdivisión de forma |
CONGRESOS. |
| 9 (RLIN) |
29134 |
| 700 1# - PUNTO DE ACCESO ADICIONAL--NOMBRE DE PERSONA |
| Nombre de persona |
Torreblanca, J. |
| Forma completa/desarrollada del nombre |
(Jose) |
| 9 (RLIN) |
29135 |
| 700 1# - PUNTO DE ACCESO ADICIONAL--NOMBRE DE PERSONA |
| Nombre de persona |
Filmus, Daniel. |
| Término indicativo de función/relación |
tr. |
| 9 (RLIN) |
29136 |
| 710 2# - PUNTO DE ACCESO ADICIONAL--NOMBRE DE ENTIDAD CORPORATIVA |
| Nombre de entidad corporativa o nombre de jurisdicción como elemento de entrada |
Organización de Estados Iberoamericanos para la Educación, la Ciencia y la Cultura |
| 9 (RLIN) |
29137 |
| 910 ## - DATOS DE OPCIÓN DEL USUARIO (OCLC) |
| Datos de opción del usuario |
Catalogación por copia / LC |